ბათუმის შოთა რუსთაველის სახელმწიფო უნივერსიტეტის ბიბლიოთეკა

Теплообменники-кондесаторы в процессах химической технологии:Моделирование, расчет, управление. (ბიბ.ჩანაწერი № 36997)

000 -LEADER
fixed length control field 00797nam a2200217Ia 4500
001 - CONTROL NUMBER
control field 2949
003 - CONTROL NUMBER IDENTIFIER
control field GE_BSU
008 - FIXED-LENGTH DATA ELEMENTS--GENERAL INFORMATION
fixed length control field 181216s||||||||xx |||||||||||||| ||und||
020 ## - INTERNATIONAL STANDARD BOOK NUMBER
International Standard Book Number 5724501791
040 ## - CATALOGING SOURCE
Transcribing agency GE_BSU
080 ## - UNIVERSAL DECIMAL CLASSIFICATION NUMBER
Universal Decimal Classification number 66.045
100 ## - MAIN ENTRY--PERSONAL NAME
Personal name Лесохин,Е.И. Рашковский,П.В.
245 ## - TITLE STATEMENT
Title Теплообменники-кондесаторы в процессах химической технологии:Моделирование, расчет, управление.
245 ## - TITLE STATEMENT
Statement of responsibility, etc. Ред. Ю.К.Кузнецов.
260 ## - PUBLICATION, DISTRIBUTION, ETC.
Place of publication, distribution, etc. Л.
260 ## - PUBLICATION, DISTRIBUTION, ETC.
Name of publisher, distributor, etc. Химия.
260 ## - PUBLICATION, DISTRIBUTION, ETC.
Date of publication, distribution, etc. 1990.
300 ## - PHYSICAL DESCRIPTION
Extent 288 стр. с илл. 21см.
653 ## - INDEX TERM--UNCONTROLLED
Uncontrolled term Теплообменники-кондесаторы в процессах химической технологии.
942 ## - ADDED ENTRY ELEMENTS (KOHA)
Koha item type წიგნი
ეგზემპლარები
Withdrawn status Lost status Damaged status Not for loan Date acquired Barcode Date last seen Price effective from Koha item type
        2018-12-17 9600 2018-12-17 2018-12-17 წიგნი